| 000 | 01263nam2a22002411 4500 | ||
|---|---|---|---|
| 001 | rc\41414 | ||
| 005 | 20250620195950.0 | ||
| 035 | _a(NLR Aleph) 005399032 | ||
| 090 |
_a7256434 _c7256435 |
||
| 100 | _a20021216d1995 |||y0rusy50 ca | ||
| 101 | 0 | _arus | |
| 102 | _aRU | ||
| 105 | _ay ||||||||| | ||
| 200 | 1 |
_aПредмет социологии. Введение в историю социологии _hч. 2 |
|
| 210 |
_d1995 _aБ. м. |
||
| 215 |
_a217 с. _d21 |
||
| 461 | 0 |
_1001rc\41412 _12001#$aСоциология$e(Учеб. пособие для студентов пед. вузов)$fИ.А. Громов, В.Н. Скворцов, Г.В. Стельмашук$gПравительство Ленингр. обл, М-во образования. Ленингр. обл. пед. ин-т$vКн. 1 _1700#1$aГромов$bИ.А.$gИгорь Александрович _97256419 _aГромов, И.А. _cСПб. _d1995 _fИ.А. Громов, В.Н. Скворцов, Г.В. Стельмашук _nЛОПИ _o(Учеб. пособие для студентов пед. вузов) _tСоциология _vКн. 1 |
|
| 801 | 0 |
_aRU _bNLR _gpsbo |
|
| 801 | 1 |
_aRU _bELAR _2rusmarc |
|
| 801 | 2 |
_aRU _bNLR _c20131210 _2rusmarc |
|
| 852 |
_aNLR _j96-3/3654 |
||
| 942 | _cBOOK | ||
| 980 | _aNB | ||